000 01818cam a2200409 4500
008 #DATE n2003 000 0 eng u
020 _a0904237397
035 _a(Sirsi) u122440
041 _aeng
050 _a658.2
_c18
100 _aWilliams, Bernard
245 _aFacilities economics in the UK
250 _a2nd ed.
260 _aBromley
_bBuilding Economics Bureau
_c2003
300 _aVarious pagings
_bill.
_c30cm.
350 _a89.99
505 _aPart A - facilities and their management : facilities and the corporate plan ; facilities management
505 _aPart B - premises : commercial real estate ; space management ; premises operating services ; fitting-out and alterations
505 _aPart C - support services : business support services ; staff support services
505 _aPart D - relocation and development : relocation ; the development option
505 _aPart E - taxation : taxation considerations
505 _aPart F - the facilities audit : facilities auditing processes
520 _aThird edition of this textbook considering all aspects of facilities management from the general management of commercial property to details of premises operating costs, fitting out, alterations, business support services, relocation and taxation. Concludes with a section on premises audits and benchmarking.
520 _aSupersedes first revised edition (ISBN 0904237168).
650 _aBENCHMARKING
650 _aPROPERTY-COMMERCIAL PROPERTY
650 _aCOSTING
650 _aFACILITIES AUDIT
650 _aOPERATING COSTS
650 _aPREMISES AUDITS
650 _aPROPERTY DEVELOPMENT
650 _aProperty management
_96262
650 _aRELOCATION
650 _aSPACE MANAGEMENT
690 _aMANAGEMENT-FACILITIES MANAGEMENT
942 _n0
999 _c102844
_d102844